000 00878nam a22002897a 4500
005 20180413142028.0
008 180413b xxu||||| |||| 00| 0 spa d
020 _a9788492735624
041 _aspa
082 _a620.86 R621a4
100 _aRiveira Rico, José María
_946763
245 _aAuditoría de los sistemas de prevención de riesgos laborales
250 _a4 edición
260 _aEspaña
260 _bFundación Confemetal
260 _c2011
300 _a216 páginas
650 _aSALUD OCUPACIONAL
_9253
650 _aSEGURIDAD EN EL TRABAJO
_95963
650 _aHIGIENE INDUSTRIAL
_96912
650 _aSEGURIDAD INDUSTRIAL
_96911
650 _aPREVENCIÓN DE RIESGOS
_915629
650 _aAUDITORÍA DE RIESGOS LABORALES
_946764
650 _aPROCESO DE AUDITORÍA
_946765
650 _aPREPARACIÓN DE LA AUDITORÍA
_946766
942 _cBK
999 _c10567
_d10567